000 00594nam a2200217 a 4500
001 BRCA_4571
005 20190320204724.0
008 240910s1935----mx-#######---#000-0#spa-#
041 _aspa
044 _amx
050 4 _aHG2720
_b.D43 1935
245 1 0 _aDecimoquinta asamblea ordinaria de accionistas.
260 _aMéxico
_bNacional Financiera
_c1936
300 _a144 p.
_c23 cm.
500 _aIncluye cuadros estadísticos
500 _aInicio de publicación: 1935
500 _aCFG70
650 1 4 _aBancos y operaciones bancarias
_zMéxico
_98161
902 _aGFM
942 _2lcc
_cB
999 _c4276
_d4276